000
00313nam a2200121 a 4500
005
20140414132112.0
008
110805s19uu xx 00 eng d
050
_a
TR
_b
L778 1996
100
_a
Piper, Watty
245
_a
The little engine that could.
260
_a
New York :
_b
Scholastic,
_c
1996.
999
_c
114798
_d
114798